Mammalian protein metabolism /

Bibliographic Details
Main Author: Munro, Hamish N. (Hamish Nisbet)
Other Authors: Allison, J. B. (James Boyd), 1901-1964
Format: Book
Language:English
Published: New York : Academic Press, 1964-70.
Subjects:

MARC

Tag First Indicator Second Indicator Subfields
LEADER 00000cam a2200000 4500
001 in00004471913
005 20191202143053.0
008 720120m19641970nyua b 00010 eng
010 |a  63021397  
035 |a (OCoLC)00224849 
035 |9 AAD8485MS 
035 |z (UtOrBLW)11678 
035 |a 21508 
040 |c YNG  |d TXA  |d UtOrBLW 
049 |a TMVM  |c 1  |v 1 [405741]  |v 2 [405536]  |v 3 [1137195]  |v 4 [853178]  
060 4 |a QU 55  |b M968m 1964-70 
100 1 |a Munro, Hamish N.  |q (Hamish Nisbet) 
245 1 0 |a Mammalian protein metabolism /  |c Edited by H. N. Munro and J. B. Allison. 
264 1 |a New York :  |b Academic Press,  |c 1964-70. 
300 |a 4 volumes :  |b illustrations ;  |c 24 cm. 
336 |a text  |2 rdacontent  |b txt 
337 |a unmediated  |2 rdamedia 
338 |a volume  |2 rdacarrier  |b nc 
500 |a Volume 3 edited by H. N. Munro. 
504 |a Includes bibliographies. 
650 2 |a Proteins  |x metabolism. 
650 2 |a Mammals  |x metabolism. 
700 1 |a Allison, J. B.  |q (James Boyd),  |d 1901-1964. 
940 |a 405741,1,Med Sci 405536,2,Med Sci 
940 |a 853178,3,Med Sci 
940 |a 1137195,4,Med Sci 
999 |a MARS 
999 f f |s 4e316b94-c406-3ccd-bcd7-a5dfdb5429d3  |i aaab9615-77d0-379b-8636-149110525355  |t 0 
952 f f |p ric  |a Texas A&M University  |b Rellis Campus  |c Joint Library Facility  |d Remote Storage  |t 0  |e QU 55 M968m 1964-70  |h National Library of Medicine classification  |i unmediated -- volume  |k v.1  |m 323890079167C 
952 f f |p ric  |a Texas A&M University  |b Rellis Campus  |c Joint Library Facility  |d Remote Storage  |t 0  |e QU 55 M968m 1964-70  |h National Library of Medicine classification  |i unmediated -- volume  |k v.4  |m 323890001328$ 
952 f f |p ric  |a Texas A&M University  |b Rellis Campus  |c Joint Library Facility  |d Remote Storage  |t 0  |e QU 55 M968m 1964-70  |h National Library of Medicine classification  |i unmediated -- volume  |k v.3  |m 323890011661/ 
952 f f |p ric  |a Texas A&M University  |b Rellis Campus  |c Joint Library Facility  |d Remote Storage  |t 0  |e QU 55 M968m 1964-70  |h National Library of Medicine classification  |i unmediated -- volume  |k v.2  |m 323890079166B 
998 f f |a QU 55 M968m 1964-70  |s v.1-v.4  |t 0  |l Remote Storage